000 00586cam a22002053a 4500
001 41994
003 PGUSA
005 20140828083939.0
008 130203s2013||||xxu|||||s|||||000 | eng d
040 _aPGUSA
_beng
042 _adc
100 1 _aMurray, Andrew,
_d1828-1917
245 1 0 _aMoney :
_bThoughts for God's Stewards
_h[electronic resource] /
_cAndrew Murray
260 _bProject Gutenberg,
_c2013
506 _aPublic domain in the USA.
516 _aElectronic text
830 0 _aProject Gutenberg
_v41994
856 4 0 _uhttp://www.gutenberg.org/ebooks/41994
942 _cEB
999 _c271246
_d271246